000
00302nam a22001217a 4500
008
171124b xxu||||| |||| 00| 0 eng d
041
_a
eng
080
_2
6 ED
_a
91
100
_a
43
101
_a
GJE
245
_a
HUMAN GEOGRAPHY PLACES REGIONS IN GLOBAL CONTEXT
_c
KNOX.P.L
942
_2
udc
_c
BK
999
_c
38439
_d
38439